000 00336nam a2200145Ia 4500
999 _c10538
_d10538
003 OSt
005 20220330130735.0
008 220318s9999 xx 000 0 und d
020 _a9783936681390
082 _a729
100 _a Krier, Rob
245 0 _a Architectural composition
260 _bEdition Axel Menges
_c2010
942 _2ddc